<?xml version="1.0" encoding="UTF-8"?>
<record
    xmlns:xsi="http://www.w3.org/2001/XMLSchema-instance"
    xsi:schemaLocation="http://www.loc.gov/MARC21/slim http://www.loc.gov/standards/marcxml/schema/MARC21slim.xsd"
    xmlns="http://www.loc.gov/MARC21/slim">

  <leader>01609nam a2200421 a 4500</leader>
  <datafield tag="999" ind1=" " ind2=" ">
    <subfield code="c">23921</subfield>
    <subfield code="d">23921</subfield>
  </datafield>
  <controlfield tag="001">vtls001219994</controlfield>
  <controlfield tag="005">20250922113737.0</controlfield>
  <controlfield tag="008">160208s1996    xo a    r     y  0  slo  </controlfield>
  <datafield tag="020" ind1=" " ind2=" ">
    <subfield code="a">8085452472</subfield>
  </datafield>
  <datafield tag="035" ind1=" " ind2=" ">
    <subfield code="a">SNK000164538</subfield>
  </datafield>
  <datafield tag="035" ind1=" " ind2=" ">
    <subfield code="a">urn:nbn:sk:snk-amkfbn</subfield>
  </datafield>
  <datafield tag="035" ind1=" " ind2=" ">
    <subfield code="a">urn:nbn:sk:snk-am008f37</subfield>
  </datafield>
  <datafield tag="035" ind1=" " ind2=" ">
    <subfield code="a">9782EBDD-5107-4E7B-836B-6A8150AAF987</subfield>
  </datafield>
  <datafield tag="040" ind1=" " ind2=" ">
    <subfield code="a">SNK</subfield>
    <subfield code="b">slo</subfield>
    <subfield code="c">SNK</subfield>
    <subfield code="e">AACR2</subfield>
  </datafield>
  <datafield tag="041" ind1="0" ind2=" ">
    <subfield code="a">slo</subfield>
  </datafield>
  <datafield tag="044" ind1=" " ind2=" ">
    <subfield code="a">xo</subfield>
    <subfield code="c">SK</subfield>
  </datafield>
  <datafield tag="080" ind1=" " ind2=" ">
    <subfield code="a">82(091):820/899 (100)(075.3)</subfield>
    <subfield code="2">1981</subfield>
  </datafield>
  <datafield tag="080" ind1=" " ind2=" ">
    <subfield code="a">820/899 (100)(091)</subfield>
    <subfield code="2">1981</subfield>
  </datafield>
  <datafield tag="080" ind1=" " ind2=" ">
    <subfield code="a">885.4(091)</subfield>
    <subfield code="2">1981</subfield>
  </datafield>
  <datafield tag="080" ind1=" " ind2=" ">
    <subfield code="a">82:37</subfield>
    <subfield code="2">1981</subfield>
  </datafield>
  <datafield tag="245" ind1="0" ind2="0">
    <subfield code="a">&#x10C;&#xED;tanka pre 4. ro&#x10D;n&#xED;k gymn&#xE1;zi&#xED; a stredn&#xFD;ch &#x161;k&#xF4;l</subfield>
    <subfield code="c">Nat&#xE1;lia Ihn&#xE1;tkov&#xE1; ... [et al.]</subfield>
  </datafield>
  <datafield tag="260" ind1=" " ind2=" ">
    <subfield code="a">Bratislava</subfield>
    <subfield code="b">Litera</subfield>
    <subfield code="c">1996</subfield>
  </datafield>
  <datafield tag="300" ind1=" " ind2=" ">
    <subfield code="a">399 s., [32] s. fareb. obr. pr&#xED;l.</subfield>
    <subfield code="b">Ilustr.</subfield>
    <subfield code="c">21 cm</subfield>
  </datafield>
  <datafield tag="650" ind1="0" ind2="7">
    <subfield code="a">literat&#xFA;ra slovensk&#xE1;</subfield>
    <subfield code="x">u&#x10D;ebnice gymn. (4. ro&#x10D;.)</subfield>
    <subfield code="x">u&#x10D;ebnice stred. &#x161;k&#xF4;l (4. ro&#x10D;.)</subfield>
    <subfield code="x">&#x10D;&#xED;tanky liter&#xE1;rne</subfield>
    <subfield code="2">SNK</subfield>
    <subfield code="9">4797</subfield>
  </datafield>
  <datafield tag="650" ind1="0" ind2="7">
    <subfield code="a">literat&#xFA;ra svetov&#xE1;</subfield>
    <subfield code="x">u&#x10D;ebnice gymn. (4. ro&#x10D;.)</subfield>
    <subfield code="x">u&#x10D;ebnice stred. &#x161;k&#xF4;l (4. ro&#x10D;.)</subfield>
    <subfield code="x">&#x10D;&#xED;tanky liter&#xE1;rne</subfield>
    <subfield code="2">SNK</subfield>
    <subfield code="9">4798</subfield>
  </datafield>
  <datafield tag="650" ind1="0" ind2="7">
    <subfield code="a">&#x10D;&#xED;tanky liter&#xE1;rne</subfield>
    <subfield code="x">literat&#xFA;ra slovensk&#xE1;</subfield>
    <subfield code="x">literat&#xFA;ra svetov&#xE1;</subfield>
    <subfield code="x">u&#x10D;ebnice gymn. (4. ro&#x10D;.)</subfield>
    <subfield code="x">u&#x10D;ebnice stred. &#x161;k&#xF4;l (4. ro&#x10D;.)</subfield>
    <subfield code="2">SNK</subfield>
    <subfield code="9">4799</subfield>
  </datafield>
  <datafield tag="655" ind1=" " ind2="7">
    <subfield code="a">u&#x10D;ebnice</subfield>
    <subfield code="2">SNK</subfield>
    <subfield code="9">3122</subfield>
  </datafield>
  <datafield tag="700" ind1="1" ind2=" ">
    <subfield code="a">Ihn&#xE1;tkov&#xE1;, Nat&#xE1;lia,</subfield>
    <subfield code="d">1939-</subfield>
    <subfield code="4">aut</subfield>
    <subfield code="9">4800</subfield>
  </datafield>
  <datafield tag="700" ind1="1" ind2=" ">
    <subfield code="a">Fedorov&#xE1;, M&#xE1;ria</subfield>
    <subfield code="4">aut</subfield>
    <subfield code="9">4801</subfield>
  </datafield>
  <datafield tag="700" ind1="1" ind2=" ">
    <subfield code="a">Krahulcov&#xE1;, Val&#xE9;ria</subfield>
    <subfield code="4">aut</subfield>
    <subfield code="9">4802</subfield>
  </datafield>
  <datafield tag="700" ind1="1" ind2=" ">
    <subfield code="a">Trutz, Rudolf</subfield>
    <subfield code="4">aut</subfield>
    <subfield code="9">4803</subfield>
  </datafield>
  <datafield tag="958" ind1=" " ind2=" ">
    <subfield code="a">OND</subfield>
  </datafield>
  <datafield tag="958" ind1=" " ind2=" ">
    <subfield code="a">TL</subfield>
  </datafield>
  <datafield tag="958" ind1=" " ind2=" ">
    <subfield code="a">UC</subfield>
  </datafield>
  <datafield tag="958" ind1=" " ind2=" ">
    <subfield code="a">NB</subfield>
  </datafield>
  <datafield tag="958" ind1=" " ind2=" ">
    <subfield code="a">LX</subfield>
  </datafield>
  <datafield tag="952" ind1=" " ind2=" ">
    <subfield code="0">0</subfield>
    <subfield code="1">0</subfield>
    <subfield code="2">udc</subfield>
    <subfield code="4">0</subfield>
    <subfield code="7">0</subfield>
    <subfield code="8">D</subfield>
    <subfield code="a">10000</subfield>
    <subfield code="b">10000</subfield>
    <subfield code="d">2025-09-22</subfield>
    <subfield code="i">22277</subfield>
    <subfield code="o">S1575</subfield>
    <subfield code="p">S1575</subfield>
    <subfield code="r">2025-09-22</subfield>
    <subfield code="w">2025-09-22</subfield>
    <subfield code="y">OLDO</subfield>
  </datafield>
</record>
